000 01597nam a22004217a 4500
003 CHAP
005 20220329143229.0
008 070511d2007 mx a r 00110 spa d
010 _a93624
011 _a94596
035 _a105191
040 _cCHAP
090 _aTesis
100 1 _aLópez Canteñs, Gilberto de Jesús.
_967746
245 1 0 _aVerificación local del modelo de Saint Venant
_c/por Gilberto de Jesús López Canteñs
260 _aChapingo, Méx. :
_bEl autor,
_c2007.
300 _a73 h. ;
_bilus. ; cuadros. ; gráfs. ; anexo.
502 _aTesis (Dr. en Ciencias en Ingenieria Agrícola y uso Integral del Agua) -- UACH. Departamento de Irrigación
530 _aTambién disponible en línea
590 _aALEPH
_b10
_c20130110
_lUCH01
_h1518
590 _aBATCH-UPD
_b10
_c20130110
_lUCH01
_h0705
590 _aBATCH-UPD
_b10
_c20130410
_lUCH01
_h0350
590 _aBATCH-UPD
_b10
_c20130914
_lUCH01
_h0832
590 _aBATCH-UPD
_b10
_c20140324
_lUCH01
_h1502
590 _aBATCH-UPD
_b10
_c20141002
_lUCH01
_h0834
590 _aCONVERSION
_b10
_c20130109
_lUCH01
_h1352
650 1 4 _aAgua
_xDistribucion.
_92366
650 1 4 _aCanales.
_918255
650 1 4 _aCompuertas.
_926115
650 1 4 _aIngeniería de estructuras.
_958217
650 1 4 _aIrrigación
_xModelos matemáticos.
_960431
856 _3Finding aid
_uhttp://10.13.5.2/tesis/105191.pdf
_zTeclea aqui
901 _aBK
905 _aLuis Gutiérrez Merin
942 _cFOLL
949 _aTesis
_bBC
_cTES
_d33724002027040
_eTS2
_fc.2
_h46630
_i105191
_sb
949 _aTesis
_bBC
_cTES
_d33724002027058
_eTS1
_h46629
_i105191
_sb
999 _c93624
_d93624